000 01016cab a2200289 4500
001 ABS53568
008 090401t1995 xxu||||| |||| 00| 0 eng d
035 _a(Sirsi) u5126
041 _aeng
100 _aForgey, F.
245 4 _aThe use of locational factors by tenants in shopping centre space selection
260 _c1995
350 _a0
490 _aJournal of Property Research
_v12(2) September 1995, 149-156(5)
520 _aAssesses the impact of location on prospective tenants and owners selection of shopping centre space. The author concludes that such factors are important and should be formally incorporated into the decision-making process.
650 _aLOCATION
650 _aLOCATIONAL FACTORS
650 _aOCCUPANCY LEVELS
650 _aOCCUPIERS REQUIREMENTS
650 _aRETAIL PROPERTY
650 _aSHOPPING CENTRES
650 _aSITE SELECTION
690 _aPROPERTY-COMMERCIAL PROPERTY-RETAIL PROPERTY
700 _aGoebel, P.
942 _n0
948 _c04/03/1997
999 _c3073
_d3073